La mer est calme - Ben Mazué - Paroles - Statistiques

Statistiques générales
  • Ce quiz a été pris 12 fois
  • Le résultat moyen est 162 sur 237
Statistiques - réponses
Réponse % Correct
à
100%
De
100%
de
100%
Je
100%
la
100%
La
100%
le
100%
Le
100%
qui
100%
Qui
100%
ça
86%
calme
86%
dernier
86%
deux
86%
emportent
86%
est
86%
Et
86%
grand
86%
grandes
86%
J'attends
86%
j'attends
86%
les
86%
Les
86%
mer
86%
nous
86%
premier
86%
regarde
86%
remous
86%
se
86%
Se
86%
tout
86%
amoureux
71%
des
71%
du
71%
fera
71%
jettera
71%
au
57%
coup
57%
craie
57%
crime
57%
dans
57%
effacera
57%
en
57%
fin
57%
lames
57%
pour
57%
que
57%
sera
57%
tableau
57%
vaut
57%
alors
43%
autre
43%
bâillera
43%
caresses
43%
connaîtra
43%
d'abord
43%
dira
43%
discours
43%
flot
43%
l'amnésique
43%
Lequel
43%
noyant
43%
paresse
43%
prépare
43%
puis
43%
quelques
43%
sans
43%
secret
43%
soûlé
43%
sur
43%
un
43%
une
43%
années
29%
après
29%
aura
29%
boyaux
29%
"c'est
29%
courage
29%
croira
29%
d'avouer
29%
encore
29%
fil
29%
hallebardes
29%
haut
29%
invisibles
29%
l'éponge
29%
l'imbécile
29%
mirage
29%
n'était
29%
oublier
29%
pardonner
29%
passée
29%
pourra
29%
prétextes
29%
qu'un
29%
victimes
29%
assez"
14%
boudera,
14%
cible
14%
d'été
14%
flèches
14%
lancer
14%
première
14%
ses
14%
soir
14%
tombera
14%
tordra
14%
cherchera
0%
craquera
0%
éclater
0%
épaules
0%
poux
0%
reprendra
0%
tassées
0%
Aucun quiz correspondant
Distribution des résultats
% des personnes avec chaque résultat
Percentile par nombre de réponses
Votre historique - résultats
Vous n’avez pas pris ce quiz